SELECT ACCOUNTING STANDARDS (Record no. 9148)

MARC details
000 -LEADER
fixed length control field 00557nam a22001577a 4500
003 - CONTROL NUMBER IDENTIFIER
control field SGT
020 ## - INTERNATIONAL STANDARD BOOK NUMBER
International Standard Book Number 9788121939300
082 ## - DEWEY DECIMAL CLASSIFICATION NUMBER
Classification number 657.TUL
100 ## - MAIN ENTRY--PERSONAL NAME
Personal name TULSIAN,CA.PC.
245 ## - TITLE STATEMENT
Title SELECT ACCOUNTING STANDARDS
260 ## - PUBLICATION, DISTRIBUTION, ETC. (IMPRINT)
Place of publication, distribution, etc NEW DELHI
Name of publisher, distributor, etc S.CHAND
Year of Publication 2012
300 ## - PAGE DESCRIPTION
No. of Pages V.P
650 ## - SUBJECT ADDED ENTRY--TOPICAL TERM
Topical term or geographic name as entry element ACCOUNTING
653 ## - KEYWORDS--INDEX TERM
Keyword term PREFACE | CONCEPTUAL FRAMEWORK FOR PREPARATION AND PRESENTATION OF FINANCIAL STATEMENTS | AS 1 | | AS 2 | AS 3 | AS 4 | AS 5 | AS 6 | AS 7 | AS 9 | AS 10 | AS 11 | AS 12 | AS 13 | AS 14 | AS 16 | AS 19 | AS 20 | AS 26 | AS 29
942 ## - ADDED ENTRY ELEMENTS (KOHA)
Source of classification or shelving scheme Dewey Decimal Classification
Koha item type FCM Books
942 ## - ADDED ENTRY ELEMENTS (KOHA)
-- 1
Holdings
Withdrawn status Lost status Source of classification or shelving scheme Damaged status Not for loan Collection code Home library Current library Shelving location Date acquired Vendor Name Cost, normal purchase price SGTU Bill Number Total Checkouts Full call number Accession No. (Barcode) Date last seen Bill Date Koha item type Total Renewals Date last borrowed
    Dewey Decimal Classification     COMMERCE MANAGEMENT SGT Science & Social Sciences Library SGT Science & Social Sciences Library Text Book 20/06/2016 KRITI PRAKASHAN 150.00 SGTU 2365   657.TUL CM712 20/06/2016 16/03/2015 FCM Books    
    Dewey Decimal Classification     COMMERCE MANAGEMENT SGT Science & Social Sciences Library SGT Science & Social Sciences Library Text Book 20/06/2016 KRITI PRAKASHAN 150.00 SGTU 2365   657.TUL CM713 20/06/2016 16/03/2015 FCM Books    
    Dewey Decimal Classification   Not For Loan COMMERCE MANAGEMENT SGT Science & Social Sciences Library SGT Science & Social Sciences Library Reference Book 20/06/2016 KRITI PRAKASHAN 150.00 SGTU 2365   657.TUL CM714 20/06/2016 16/03/2015 FCM Books    
    Dewey Decimal Classification     COMMERCE MANAGEMENT SGT Science & Social Sciences Library SGT Science & Social Sciences Library Text Book 20/06/2016 KRITI PRAKASHAN 150.00 SGTU 2365   657.TUL CM715 20/06/2016 16/03/2015 FCM Books    
    Dewey Decimal Classification     COMMERCE MANAGEMENT SGT Science & Social Sciences Library SGT Science & Social Sciences Library Text Book 20/06/2016 KRITI PRAKASHAN 150.00 SGTU 2365 4 657.TUL CM716 02/01/2024 16/03/2015 FCM Books 1 28/10/2023